| 000 | 00936nam a2200205 i 4500 | ||
|---|---|---|---|
| 001 | 37964 | ||
| 003 | ES-MaACL | ||
| 005 | 20230906155655.0 | ||
| 007 | t| | ||
| 008 | 030224s1930 fr ||||1| fre d | ||
| 080 | _a929 | ||
| 100 | 1 |
_aCabanès, Augustin. _933136 |
|
| 245 | 1 | 0 |
_aGrands névropathes _b: malades immortels / _cAugustin Cabanès. |
| 260 |
_aParis : _bAlbin Michel, _c1930. |
||
| 300 |
_a3 v. ; _c19 cm. |
||
| 505 | 8 | _aContiene: T. I: Bandelaire. Byron. Chateaubriand. Moliere. Pascal. Shelley. Wagner. -- T. II: La fontaine. Rosseau. Retif de la Bretonne. Bernandin de Saint Pierre. Lamennais. Auguste Comte. Alfred de Musset. Victor Hugo. Sainte Beuve. Les freres de Goncourt. -- T. III: Hoffmann. Heine. Swift. Quincey. Coleridge. Cooper. Jennyson. Chopin Gogol. Gontcharov. Lermontov Dostoievsky | |
| 650 | 4 |
_aEscritores- _vBiografías. _9136034 |
|
| 650 | 4 |
_aCelebridades. _9139988 |
|
| 852 | 4 |
_aES-MaACL _jA-4259-61 |
|
| 999 |
_c37964 _d37964 |
||